| 000 | 00441nam a2200193Ia 4500 | ||
|---|---|---|---|
| 005 | 20240823054419.0 | ||
| 008 | 240823s9999||||xx |||||||||||||| ||und|| | ||
| 020 | _a978-0-19-569236-5 | ||
| 041 | _aENGLISH | ||
| 082 | _A894.81427 P8 | ||
| 100 | _aGirish Karnad | ||
| 245 | 0 | _aYayati | |
| 250 | _a1st | ||
| 260 |
_c2008 _bOxford University _aNew Delhi |
||
| 500 | _aYES | ||
| 650 |
_aNovel _bEnglish |
||
| 942 | _cBK | ||
| 999 |
_c226401 _d226401 |
||